| 000 | 00687nam a2200205Ia 4500 | ||
|---|---|---|---|
| 001 | 21952 | ||
| 003 | GE_BSU | ||
| 008 | 181216s||||||||xx |||||||||||||| ||und|| | ||
| 040 | _cGE_BSU | ||
| 245 | _aТеоретическая и математическая физика (Том 193) №2. Ноябрь 2017 | ||
| 245 | _cГл.ред.А.А.Славнов | ||
| 260 | _aМосква | ||
| 260 | _c2017 | ||
| 300 | _a366стр. 24см. | ||
| 653 | _aПериодика | ||
| 653 | _aТеоретическая и математическая физика (Том 193) №2. Ноябрь 2017 | ||
| 653 | _aპერიოდიკა | ||
| 653 | _aფიზიკა | ||
| 942 | _cCR | ||
| 999 |
_c54883 _d54883 |
||